000 00547nam a2200181 i 4500
001 113830
003 ES-MaACL
005 20230906190020.0
007 t|
008 061121s1972 sp r ||||1| spa d
245 0 0 _aPadres y adolescentes /
_cBaca, Castillo , F. Otero [et al.].
260 _aPamplona :
_bUniversidad de Navarra,
_c1972.
300 _a152 p. ;
_c19 cm.
650 4 _aPadres y adolescentes.
_9154882
700 1 _aBaca Baldomero, E.
_9154883
710 2 _aUniversidad de Navarra.
_97252
852 _aES-MaACL
_jC-50718
_bR.82320
999 _c113830
_d113830